000 01474nam a2200361Ia 4500
001 ebr10575805
003 CaPaEBR
006 m u
007 cr cn|||||||||
008 070226s2008 nyu sb s001 0 eng d
010 _z 2007007877
020 _z0791473090 (hardcover : alk. paper)
020 _z9780791473092 (hardcover : alk. paper)
020 _z9780791479001
040 _aCaPaEBR
_cCaPaEBR
035 _a(OCoLC)212070257
050 1 4 _aHF5429.3
_b.M58 2008eb
082 0 4 _a307.3/33160973
_222
100 1 _aMitchell, Jerry,
_d1956-
245 1 0 _aBusiness improvement districts and the shape of American cities
_h[electronic resource] /
_cJerry Mitchell.
260 _aAlbany :
_bState University of New York Press,
_cc2008.
300 _a152 p.
490 1 _aSUNY series in urban public policy
504 _aIncludes bibliographical references (p. 121-144) and index.
533 _aElectronic reproduction.
_bPalo Alto, Calif. :
_cebrary,
_d2011.
_nAvailable via World Wide Web.
_nAccess may be limited to ebrary affiliated libraries.
650 0 _aCentral business districts
_zUnited States.
650 0 _aCity planning
_zUnited States.
650 0 _aUrban renewal
_zUnited States.
655 7 _aElectronic books.
_2local
710 2 _aebrary, Inc.
830 0 _aSUNY series on urban public policy.
856 4 0 _uhttp://site.ebrary.com/lib/rucke/Doc?id=10575805
_zAn electronic book accessible through the World Wide Web; click to view
999 _c181858
_d181858